01229nam a22002897a 4500003000400000005001700004008004100021040002200062082001800084100002500102245003000127260006000157300002100217366000800238490003100246505009700277505017600374505001200550650005500562650004700617650004800664650004300712650004500755650005600800650004700856700003600903OSt20230616101558.0221006b |||||||| |||| 00| 0 eng d cBiblioteca Lado V a709.05bG851a aGriffin, Timeeditor aArtforum/bInternacional/ aNew Yorkc1998bNew York editorial and business offices c26.5x27cma148p. eeng aNoviembrev1998x0864-1315 tCOLUMNSaBooks Film After Words Slant American Myths Hot List Curators Music Top Ten tFEATURESaTony Smith: Matters of Scale Jorge Pardo: Home Work Rem Koolhaas: House Play Collier Schorr: Like a Man 1000 Words: Tobias Rehberger Openings: Ugo Rondinone tREVIEWS 2Tesauro de Arte & ArquitecturaaARTE COMTEMPORANEO 2Tesauro de Arte & ArquitecturaaFOTOGRAFIA 2Tesauro de Arte & ArquitecturaaARTE VISUAL 2Tesauro de Arte & ArquitecturaaLIBROS 2Tesauro de Arte & ArquitecturaaNOTICIAS 2 Tesauro de Arte & ArquitecturaaARTE INTERNACIONAL 2 Tesauro de Arte & ArquitecturaaESCULTURA aNavarreta, Jose Antonioeeditor